00913nam a2200229 a 4500001001000000003000500010005001700015008004100032010001100073011001100084040000900095100002600104245014900130260004100279500006000320502008300380650001800463650004600481650004500527650004100572856007000613000114816CHAP20220329144459.0180419s2018 mx sm |||||||spa d a111277 a112249 cCHAP1 aMejía Lara, Cinthia10aEstudio fitoquímico, actividad antioxidante y antibacteriana de Pilotrichella flexilis (Hedw.) Angstrh[En línea]cpor Cinthia Mejía Lara. aChapingo, Méx. :bEl autor,c2018. aPara ver el contenido del material haga clic en la liga aTesis (M.C. en Ciencias Forestales) -- UACH. División de Ciencias Forestales14aAntioxidantes14aExtractos vegetalesxEfecto en bacterias.14aPilotrichella flexilisxAprovechamiento.14aPilotrichella flexilisxPropiedades. aFinding aiduhttp://10.13.5.2/tesis/sist114816.pdfzTeclea aquí